Channel processes : water, sediment, catchment controls /

Bibliographic Details
Other Authors: Schick, Asher P., 1931-
Format: Book
Language:English
Published: Cremlingen, Germany : Catena Verlag, 1984.
Series:Catena supplement ; 5.
Subjects:

MARC

Tag First Indicator Second Indicator Subfields
LEADER 00000cam a2200000 a 4500
001 in00000009356
005 20151007051529.0
008 841115s1984 gw ab b 00000 eng d
020 |a 3923381042 
035 |a (OCoLC)11390976 
035 |9 AAA3440AM 
040 |a GZN  |c GZN  |d m/c  |d TXA  |d UtOrBLW 
041 0 |a eng  |h ger 
049 |a TXAM  |c [A12568029] 
050 4 |a GB561  |b .C53 1984 
245 0 0 |a Channel processes :  |b water, sediment, catchment controls /  |c Asher P. Schick, ed. 
264 1 |a Cremlingen, Germany :  |b Catena Verlag,  |c 1984. 
300 |a 162 pages :  |b illustrations, maps ;  |c 25 cm. 
336 |a text  |b txt  |2 rdacontent 
337 |a unmediated  |b n  |2 rdamedia 
338 |a volume  |b nc  |2 rdacarrier 
490 1 |a Catena supplement ;  |v 5 
500 |a English or German. 
504 |a Includes bibliographies. 
650 0 |a River channels. 
650 0 |a Sediment transport. 
700 1 |a Schick, Asher P.,  |d  1931- 
830 0 |a Catena supplement ;  |v 5. 
999 |a MARS 
999 f f |s 2a968698-3691-3f69-8d2f-953d8200336d  |i b79aa9ac-2547-3d1e-b474-8a9ad106162f  |t 0 
952 f f |p ric  |a Texas A&M University  |b Rellis Campus  |c Joint Library Facility  |d Remote Storage  |t 0  |e GB561 .C53 1984  |h Library of Congress classification  |i unmediated -- volume  |m A14812568029 
998 f f |a GB561 .C53 1984  |t 0  |l Remote Storage